00611nam a2200181Ia 4500999001500000020001800015082001600033245006100049260004500110300001400155650002200169650003700191650003400228650002200262700001600284942000700300952012200307 c4853d4853 a0-19-567637-8 a302.23 MAK- 0aMaking news: handbook of the media in contemporary India aNew DelhibOxford University Pressc2006 axxii, 281 aMass mediazIndia aElectronic news gatheringzIndia aTelevision broadcatingzIndia aIndian newspapers aSahay, Uday cBK 00104070aNASSDOCbNASSDOCd2006-03-22eIBDi2006-03-06l0o302.23 MAK-p41595r2019-04-18 00:00:00w2019-04-18yBK